[Event "Bazna Kings 4th"]
[Site "Medias"]
[Date "2010.06.15"]
[Round "2"]
[White "Gelfand, Boris"]
[Black "Nisipeanu, Liviu Dieter"]
[Result "1/2-1/2"]
[WhiteElo "2741"]
[BlackElo "2672"]
[Annotator "Rogozenco,D"]
[PlyCount "63"]
[EventDate "2010.06.14"]
[EventType "tourn"]
[EventRounds "10"]
[EventCountry "ROU"]
[EventCategory "20"]
[SourceTitle "CBM 137"]
[Source "ChessBase"]
[SourceDate "2010.07.15"]
[SourceVersion "1"]
[SourceVersionDate "2010.07.15"]
[SourceQuality "1"]

1. d4 d5 {Last year in Bazna Nisipeanu chose the sharp King's Indian against
Gelfand and White won a game, which later the Israeli Grandmaster
characterized as one of the best games of his career. This time the Romanian
player changes the opening.} 2. c4 dxc4 {Nisipeanu has played the Queen's
Gambit Accepted occasionally before, but his records in this opening were not
particularly impressive.} 3. e4 {The most principled continuation.} e5 4. Nf3
exd4 5. Bxc4 Nc6 6. O-O Be6 7. Bb5 (7. Bxe6 fxe6 8. Qb3 Qd7 9. Qxb7 Rb8 10. Qa6
{is another theoretical line.}) 7... Bc5 8. Nbd2 ({Here Gelfand deviates from
the sharp} 8. b4 Bb6 (8... Bxb4 $2 9. Qa4) 9. a4 {which actually caused two
losses to Nisipeanu in the past. "Let others try to find out where Dieter
prepared the improvements", said Boris after the game.}) 8... Nge7 (8... Qd6 9.
e5 Qd5 10. Ng5 O-O-O 11. Bc4 Qd7 12. Nxe6 fxe6 13. b4 Nxb4 14. Qb3 Nd5 15. Ne4
Bb6 16. a4 {happened in Kasparov,G (2812)-Anand,V (2781)/Linares 1999.}) 9. Ng5
(9. Nb3 Bb6 10. Nbxd4 Bd7 11. Nxc6 Bxc6 12. Qb3 O-O 13. Bg5 Bxb5 14. Qxb5 Qe8
$11 {1-0 Sargissian,G (2602)-Kaidanov,G (2629)/Moscow 2005/CBM 106 (41)}) 9...
Qd7 10. Ndf3 {A novelty, which looks very logical.} f6 ({In case of} 10... h6 {
Black has to reckon with} 11. Ne5) 11. Nxe6 Qxe6 12. Nxd4 Bxd4 13. Qxd4 a6 14.
Qc4 Qd6 $1 {The right decision to keep queens. Otherwise the two bishops will
secure White a clear advantage in endgame.} ({For instance} 14... Qxc4 15. Bxc4
Ne5 16. Be2 N7c6 17. Be3 {and White consolidates.}) 15. Qa4 O-O-O 16. Bc4 {
Nisipeanu: "This strong move surprised me, as I didn't know what to do for a
while".} (16. Be2 Nd4 17. Bg4+ Kb8 18. Be3 Nec6 {is fine for Black.}) 16... Ne5
17. Bb3 b5 $1 {A psychologically difficult decision to make. Black must try to
keep the initiative before White completes development and the advance of his
pawn majority is the correct way. The point is that with advanced pawns Black
can already go for the queen exchange later on, since his space advantage on
the queenside will compensate for White's bishop pair.} 18. Qa5 Kb7 19. Qc3 (
19. a4 b4 {leaves White with a somewhat awkward position of the queen on a5.})
19... c5 (19... Qd3 {looks like a decent alternative, but Nisipeanu already
has made up his mind to advance the pawns.}) 20. Be3 (20. Bf4 {is best met with
} c4 21. Bc2 N7c6 {and again White achieves nothing.}) 20... c4 ({In case of} 
20... Ng4 {White has} 21. e5 $1 Qxe5 22. Qxe5 Nxe5 23. Bxc5 {although thanks
to black active knights the position is close to equal after} N7c6) 21. Rfd1 ({
Now after} 21. Bc2 {Black already plays} Ng4 {with a comfortable game.}) 21...
Qc7 22. Rxd8 Rxd8 23. Bd1 {In order to prevent 23... Ng4.} N7c6 24. Be2 {
White consolidated and Nisipeanu decides that now it is the right time to
exchange queens.} Qa5 25. Qxa5 ({The alternative was} 25. a4 Qxc3 26. bxc3 {
but both players evaluated the position after} b4 27. cxb4 Nxb4 {as safe for
Black.}) 25... Nxa5 {#In spite of his bishop pair White has no advantage. The
pawn chain on the queenside secures Black sufficient counterplay.} 26. f4 (26.
Rd1 Rxd1+ 27. Bxd1 Nd3 {points out the weakness on b2. Then after} 28. b3 c3 {
Black gets a dangerous passed pawn.}) 26... Nec6 (26... Nd3 {was another
option, although after} 27. b3 {Black can neither take on b3, nor advance the
c-pawn:} cxb3 (27... c3 $2 28. Rd1) 28. axb3 Nxb3 $2 29. Rd1 {winning a piece.}
) 27. Rd1 (27. Kf2 Nb4 {is at least equal for Black.}) 27... Rxd1+ 28. Bxd1 Nb4
29. e5 $1 {Black has the upper hand on the queenside, so Gelfand rightly goes
for a quick counterplay.} ({Bad for White is} 29. a3 Nd3) 29... fxe5 30. fxe5
Nac6 ({A passed pawn supported by bishops can be very dangerous, as seen from
the following variations:} 30... Nxa2 $2 31. e6 Nc6 ({Other moves lose
immediately:} 31... Kc7 32. Bb6+) (31... Kc6 32. Bf4) 32. Bf3 Kc7 33. Bf4+ Kb6
34. Bd6 {and White will win a knight.}) 31. e6 Kc7 32. Bf4+ 1/2-1/2

[Event "Olympiad-34"]
[Site "Istanbul"]
[Date "2000.11.08"]
[Round "11.1"]
[White "Rogozenco, Dorian"]
[Black "Lesiege, Alexandre"]
[Result "1/2-1/2"]
[WhiteElo "2531"]
[BlackElo "2584"]
[Annotator "Rogozenco,D"]
[PlyCount "54"]
[EventDate "2000.10.28"]
[EventType "team-swiss"]
[EventRounds "14"]
[EventCountry "TUR"]
[SourceTitle "EXT 2001"]
[Source "ChessBase"]
[SourceDate "2000.11.22"]
[SourceVersion "1"]
[SourceVersionDate "2000.11.22"]
[SourceQuality "1"]
[WhiteTeam "Romania"]
[BlackTeam "Canada"]
[WhiteTeamCountry "ROU"]
[BlackTeamCountry "CAN"]

1. d4 d5 2. c4 dxc4 3. e4 c5 4. d5 Nf6 5. Nc3 b5 6. Bf4 Ba6 7. f3 $5 {
Curiously, this move was met only once in the practice, and that game was a
blindfold-rapid one!} b4 $146 {From now on there is no more theory.} (7... e6 {
Karpov-Adianto/Jakarta 1997( rapid-blind).}) 8. Na4 e6 9. dxe6 Qxd1+ 10. Rxd1
fxe6 11. Nh3 $44 Nc6 (11... Bb5 12. b3 Bxa4 13. bxa4 c3 14. Ng5 $16) 12. Bd6 $1
Nd7 $1 (12... Bb5 13. Nxc5 $16) 13. Bxf8 Rxf8 14. Rxd7 Kxd7 15. Nxc5+ Kc7 $5 {
A fantastical decision from my opponent. His next play impressed me a lot.} (
15... Ke7 {The move that I expected and I think that 99% of players would make
it.} 16. Nxa6 c3 17. bxc3 bxc3 18. Bd3 Ne5 (18... Rfd8 19. Ke2 Ne5 20. Nf2 $14)
19. Bc2 Rfd8 20. O-O Rd2 21. Rc1 $13) 16. Nxa6+ (16. Nxe6+ {Why take an
exchange when I can take the whole piece?} Kb6 17. Nxf8 Rxf8 $44 {He has some
compensation due to better placed pieces.}) 16... Kb6 17. Bxc4 Ne5 18. Be2 Rac8
{White has a Bishop, Knight and pawn for the Rook, but I wasn't able to find a
clear way to advantage! All his pieces are very active and he is ready to
penetrate with the Rook to c1 or c2.} 19. Nf2 (19. Nxb4 a5 $1 (19... Rc1+ 20.
Bd1 a5 (20... Rd8 21. Nf2 a5 22. f4 axb4 23. fxe5 Ra1 24. Ke2 Rxa2 25. Nd3 $18)
21. f4 (21. Nc2 $5) 21... axb4 22. fxe5 Ra1 23. Nf2 Rxa2 24. Nd3 $18) 20. f4
axb4 21. fxe5 Rc2 $132) 19... Ka5 $1 (19... Rc2 20. Nd1 $5 Rxe2+ 21. Kxe2 Kxa6
22. Ne3 $18) 20. a3 (20. O-O $5 Rc2 21. Re1 $13) (20. Nd1 Rfd8 $1 $36) 20...
bxa3 21. bxa3 Rfd8 $1 {Another nice move. He is not in a hurry to take a3, but
first improves the other Rook.} (21... Rc2 22. Nb4 $16) (21... Rc3 22. Nd1 Rxa3
23. Nc7 Rf6 24. Nb5 Ra2 25. Nxa7 $16) 22. Nb4 Rc3 23. O-O Rd2 $1 24. f4 Rxe2 (
24... Ng6 25. Bg4 Nxf4 26. g3 Ne2+ 27. Bxe2 (27. Kg2 Nd4 $13) 27... Rxe2 28.
Nbd3 $14) 25. fxe5 Ka4 26. Nbd3 g5 27. h4 $1 h6 $8 $13 {Funny enough, but in
this position I think Black's chances are not worse. The game took a lot of
energy and time from both players, so we agreed to a draw.} (27... h6 28. Rb1
Kxa3 (28... Rc6 29. h5 a5 30. Ng4 Rxe4 31. Nxh6 $16) 29. Rb7 $140 (29. Ra1+ Ra2
) 29... a5 30. Re7 g4 $1 31. Kf1 Rd2 32. Ne1 g3 $132) (27... gxh4 $2 28. Nf4
Rd2 29. Nxe6 $18) 1/2-1/2

[Event "Linares zt"]
[Site "Linares"]
[Date "1995.??.??"]
[Round "3"]
[White "Illescas Cordoba, Miguel"]
[Black "Sadler, Matthew D"]
[Result "0-1"]
[WhiteElo "2620"]
[BlackElo "2565"]
[Annotator "Romero Holmes"]
[PlyCount "22"]
[EventDate "1995.11.??"]
[EventType "swiss"]
[EventRounds "11"]
[EventCountry "ESP"]
[SourceTitle "CBM 051"]
[Source "ChessBase"]
[SourceDate "1996.04.01"]
[SourceVersion "1"]
[SourceVersionDate "1996.04.01"]
[SourceQuality "1"]

1. d4 {Ftacnik} d5 2. c4 dxc4 3. e4 Nc6 {This move is ugly and rare in queen
pawn openings because normally it seems that you don t control the center.But
in this position the move it s really interesting, pressing the center with
pieces, trying to create some weakness.} 4. Be3 {This is the normal move,
leading to a theoretical slight advantage, due to the structure.} (4. Nf3 $5
Bg4 5. d5 $5 (5. Bxc4 e6 6. Bb5 $14) 5... Ne5 6. Nc3 Nf6 $13) 4... Nf6 5. Nc3
e5 6. d5 Na5 $1 {Very sharp. This original idea was first tested by Miles,
against Beliavsky, in Groningen 94. Normally black had played 6....Ne7,
followed by Ng6.} 7. Nf3 (7. Qa4+ c6 8. dxc6 (8. b4 $2 cxb3 9. axb3 b5 10. Qa2
Bb4 11. Bd2 O-O $17) 8... Nxc6 9. Bxc4 Bb4 {This move leads to an equal
position. Illescas would like to go for this position with one more tempo, so
he plays first 7.Nf3} 10. Nf3 O-O 11. O-O Bxc3 12. bxc3 Nxe4 13. Bxf7+ Rxf7 14.
Qxe4 Bf5 $10 {Vyzmanavin,A-Sadler,M/Paris rap/1994/}) 7... Bd6 $1 $146 {
This is the real new move.} (7... Ng4 8. Bg5 f6 9. Bh4 (9. Bd2 {Ftacnik} Bc5
10. Qa4+ c6 11. Nd1 $16) 9... Qd7 $1 10. Nd2 b5 11. a4 a6 12. axb5 axb5 13. Be2
Bb4 {Beliavsky-Miles, Groningen 94. Black seems to be o'kay now, but the whole
variation looks suspicious.} (13... Bb4 $1 14. h3 Nh6 15. Bh5+ Nf7 16. Bg4 Qe7
17. Nxb5 Bxg4 18. hxg4 O-O 19. Nc3 Nb3 {1/2-1/2 Beliavsky,A-Miles,A/Groningen/
1994/} (19... Nb3 20. Rxa8 Rxa8 21. O-O Nxd2 22. Qxd2 Bc5 $1 $15))) (7... a6 {
Probably we must consider this move like the precedent of Sadler,s idea. Black
plays for a queenside pawn majority.} 8. Nxe5 (8. Qa4+ $2 Bd7 (8... c6 9. dxc6
b5 10. Nxb5 axb5 11. Qxb5 Qe7 12. Nxe5 Qb4+ $1) 9. Qxa5 b6 $19) 8... b5 9. Be2
Bb4 10. Qd4 O-O 11. O-O Bb7 12. Ng4 Nxg4 13. Bxg4 Qe7 {Kamsky-Salov,Sanghi
Nagar 95. Again Black is justifying his original opening idea with a complex
battle, gaining some compensation because of the tactical situation of the
white queen. But it seems dubious.}) 8. Qa4+ (8. Nd2 O-O (8... Ng4 $5 9. Qa4+
c6 $1 10. dxc6 Nxc6) 9. Nxc4 Nxc4 10. Bxc4 Ng4 11. Qd2 $8 Nxe3 12. Qxe3 a6 13.
O-O Bd7 14. Rac1 Qe7 $15 {Candela-Baltar, Madrid 95.}) 8... Bd7 $1 {This came
as a big surprise to Illescas.} (8... c6 {Ftacnik} 9. dxc6 Nxc6 10. Bxc4 O-O
11. Rd1 $16) 9. Qxa5 a6 $1 {Funnily, the queen is trapped.} 10. Nb1 $4 (10. Na4
$1 {this was the only move.} Nxe4 (10... Qe7 11. a3) 11. Bxc4 b5 12. Bb3) (10.
b4 $1 {Ftacnik: I cannot see the refutation of this simple defensive idea,
white's Q wins a chance for a decent retreat.} b6 (10... cxb3 11. axb3 b6 12.
Qa2 Bb4 13. Bd2 Bxc3 14. Bxc3 Nxe4 15. Bxe5 $18) 11. Qa3 a5 12. Qb2 (12. Qc1 {
Ftacnik} axb4 13. Ne2 Nxe4 (13... c3 14. Ng3 $16) (13... b5 $13 {Red.}) 14.
Qxc4 f5 15. Ng3 $16) 12... axb4 13. Nd1 b5 $17) 10... Nxe4 11. Kd1 (11. b4 {
Ftacnik} b6 12. Qa3 Qe7 (12... a5 13. Qb2 Bxb4+ 14. Bd2 Nxd2 15. Qxe5+ $14) 13.
Bd2 Nxd2 14. Nfxd2 Bxb4 15. Qg3 b5 16. Qxg7 O-O-O $13) 11... c3 (11... c3 12.
b4 b6 13. Qa3 a5 14. Bd3 (14. Qc1 Ba4+ 15. Ke1 c2 16. Nbd2 Bxb4 17. Bd3 Nxd2
18. Bxd2 Qxd5 $15) 14... axb4 15. Qc1 Nc5 $19 (15... Ba4+ {Ftacnik} 16. Bc2 f5
$15)) 0-1

[Event "Tilburg Fontys"]
[Site "Tilburg"]
[Date "1998.10.28"]
[Round "5"]
[White "Van Wely, Loek"]
[Black "Sadler, Matthew D"]
[Result "1/2-1/2"]
[WhiteElo "2635"]
[BlackElo "2660"]
[Annotator "Sadler/Hecht"]
[PlyCount "134"]
[EventDate "1998.10.23"]
[EventType "tourn"]
[EventRounds "11"]
[EventCountry "NED"]
[EventCategory "18"]
[SourceTitle "EXT 1999"]
[Source "ChessBase"]
[SourceDate "1998.11.16"]
[SourceVersion "1"]
[SourceVersionDate "1998.11.16"]
[SourceQuality "1"]

1. d4 d5 2. c4 dxc4 3. e4 Nf6 4. e5 Nd5 5. Bxc4 Nc6 6. Ne2 Nb6 7. Bb3 Bf5 8.
Nbc3 e6 9. a3 Qd7 10. O-O O-O-O 11. Be3 Be7 12. Qc1 Kb8 13. Rd1 f6 14. exf6
gxf6 15. Ng3 Bg6 16. Nge4 Na5 17. Ba2 Nac4 18. Nc5 Qc6 19. b4 Rhg8 20. b5 Qe8
21. Re1 Bf5 22. Ne2 Qxb5 23. Ng3 Nxe3 24. Qxe3 Bxc5 25. Nxf5 Qc6 26. Qh3 Bxd4
27. Nxd4 Rxd4 28. Rxe6 Rgd8 29. Rae1 Rd1 30. Bb3 Rxe1+ 31. Rxe1 Qc5 32. Qxh7
Qxa3 33. Qf7 Qb2 34. h4 a5 35. h5 a4 36. Be6 Qc3 37. Re3 Rd1+ 38. Kh2 Qd4 39.
g3 Rd2 40. Kg1 Qa1+ 41. Kg2 Rd1 42. Qf8+ Ka7 43. Qc5 Rg1+ 44. Kf3 Qd1+ 45. Kf4
Qd2 46. Kf3 Rc1 47. Qf5 Qd1+ 48. Kf4 Qd4+ 49. Qe4 Qd2 50. Kf3 Qd1+ 51. Re2 {
[#] Kommentare nach Matthew Sadler in SCHACH 12/98} Qh1+ $4 (51... f5 $1 52.
Qe3 (52. Bxf5 Qh1+ 53. Kg4 Rc4 $19) (52. Qxf5 Rc3+ $19) 52... Qh1+ 53. Kf4 Qxh5
$19) 52. Kg4 Qd1 53. h6 Rc5 {Stellt eine echt irre Falle.} 54. h7 $4 (54. f4 $1
f5+ 55. Bxf5 Nd5 {mit einigen Tricks}) 54... f5+ $3 55. Bxf5 Rc4 56. Kg5 $5 (
56. h8=Q Rxe4+ (56... Qxe2+ 57. f3 {bedeutet nur Zugumstellung (Hecht)}) 57.
Bxe4 Qxe2+ 58. f3 a3 {war zu einfach in meiner neuerlichen Zeitnot, so daß
Loek alles auf eine Karte setzt.}) 56... Rxe4 57. Rxe4 {[#] Unsewr
eigentliches Endspielthema} Qd8+ 58. Kg6 Nd5 $1 {Sicher.} (58... a3 59. Be6 Qh8
60. Re3 $1 {sieht gar nicht so einfach aus!}) 59. Rxa4+ Kb6 60. g4 Qe8+ {
Ja, wieder geschafft (die Zeitnot). Ich stand auf, holte mir etwas zu essen
und zu trinken und bereitete mich darauf vor, meine großmeisterliche technik
zu demonstrieren.} 61. Kg7 Qe5+ 62. Kh6 Qd6+ 63. Kg5 Qd8+ {Die folgenden
Kommentare stammen von mir (Hecht) und sollen in einer hochinterssanten und
ebenso ungewöhnlichen wie komplexen Endspielstellung Schlaglichter werfen.
Vermutlich läßt sich beiderseits noch einiges mehr herausquetschen....} (63...
Qf6+ 64. Kh5 Kb5 65. Ra8 $4 (65. Bd7+ c6 66. g5 Qg7 $19) (65. g5 Qxf5 66. h8=Q
Kxa4 67. Qa8+ Kb5 68. Qxb7+ Kc5 $19) (65. Re4 {[#] erscheint unklar, ist es
nach c5 vielleicht nicht, weil sich Weiß kaum rühren kann. Der Turm muß wegen
Sf4 matt stillhalten, die Bauern haben kaum gescheite Züge und der König steht
patt. Also:} c5 66. Bd7+ (66. f3 c4 67. g5 (67. Bd7+ Kc5 68. g5 Qxf3+ 69. Rg4
Qf7+ 70. g6 Nf6+ 71. Kh6 Qf8+ 72. g7 Nxg4+ 73. Bxg4 Qf6+ $19) 67... Qxf5 68.
h8=Q Qxf3+ 69. Rg4 Nf4+ $19) 66... Ka5 (66... Kb6 67. Re6+ Kc7 68. Rxf6 Nxf6+
69. Kg6 Nxh7 70. Bf5 Nf8+ 71. Kf7 $18) 67. Ra4+ (67. g5 Qf3+ 68. Rg4 Qf7+ 69.
Kh6 Qxd7 70. h8=Q Qxg4 71. Qd8+ {und möglicherweise kann Weiß nach Sb6 mit g6
remis halten.}) 67... Kb6 68. g5 Qf7+ 69. g6 Qxd7 70. h8=Q Qxa4 71. Qd8+ Nc7
72. g7 Qe8+ $1 73. Qxe8 Nxe8 $19 {dank der Springergabel auf f6}) 65... Nf4#)
64. Kh5 Qe8+ 65. Kg5 Qd8+ 66. Kh5 Qe8+ 67. Kg5 Qd8+ {Was soll ich sagen? Ich
weiß einfach nicht, wie ich es Ihnen erklären soll! Eben saß ich noch nach dem
61.Zug da, bot ein paar Schahcs, und das nächste, woran ich mich erinnere ist,
daß ich nur noch vier Minuten auf der Uhr hatte! Ich geriet in Panik und
konnte mich einfach nicht zu einer weiteren Zeitnotschlacht durchringen. Wenn
ich auf diese Stellung schaue, kommen mir die Tränen. Aber es ist tatsächlich
passiert!} 1/2-1/2

[Event "Qatar Masters op"]
[Site "Doha"]
[Date "2015.12.22"]
[Round "3"]
[White "Sethuraman, SP."]
[Black "Li, Chao B"]
[Result "0-1"]
[WhiteElo "2639"]
[BlackElo "2750"]
[Annotator "Sagar Shah"]
[PlyCount "52"]
[EventDate "2015.12.20"]
[EventType "swiss"]
[EventRounds "9"]
[EventCountry "QAT"]
[SourceTitle "CBM 170"]
[Source "ChessBase"]
[SourceDate "2016.01.15"]
[SourceVersion "1"]
[SourceVersionDate "2016.01.15"]
[SourceQuality "1"]

1. d4 d5 2. c4 dxc4 {After the game Li Chao mentioned that his opponent always
came to the games well prepared and he just wanted to surprise him and play
for a draw! Quite a surprising statement by a player who is rated 111 Elo
points above his opponent. But the Chinese player had Black and it is not
surprising to see top players being less ambitious and more objective with the
black pieces.} 3. e3 (3. Nf3 {is the other move which stops e5 but allows
other lines like} Nf6 4. e3 Bg4 $5) 3... e5 4. Bxc4 Nc6 $5 (4... exd4 {is much
more common and the main move in the position.}) 5. d5 {It is possible that
Sethuraman did not know the theory after ...Nc6 and made the most natural move.
} ({However a better one was} 5. Nf3 e4 (5... exd4 6. exd4 Bg4 7. O-O Nf6 8.
Qb3 $16) 6. Qb3 $1 Nh6 (6... exf3 7. Bxf7+ {[%csl Rg8]}) 7. Nfd2 $14 {with a
slight edge for White.} Na5 $2 8. Qb5+ c6 9. Qe5+ $18 {[%cal Gf8e7,Ge5g7,Rd8e7,
Re5a5,Yc8e6,Yc4e6]}) 5... Na5 $1 {Black has already equalised.} 6. Be2 (6. Bb5+
c6 7. dxc6 Qxd1+ 8. Kxd1 Nxc6 $15) 6... c6 7. Nc3 (7. e4 Nf6 8. Nc3 {
transposes to the game.}) 7... Nf6 8. e4 Bb4 9. Bg5 O-O 10. Nf3 cxd5 11. Bxf6 (
11. exd5 Bxc3+ 12. bxc3 Qxd5 $17) 11... Qxf6 12. Qxd5 (12. exd5 e4 $17) 12...
Bg4 13. O-O $6 (13. Qxe5 {should have been tried but the resulting positions
are one-sided and only Black can play for a win with his slight edge. Such
positions are of course not to the taste of an active player like Sethuraman.}
Qxe5 14. Nxe5 Bxe2 15. Kxe2 Bxc3 16. bxc3 Rfe8 17. Nf3 Rxe4+ 18. Kd3 Rc4 $15 {
and only Black can be better.}) 13... Bxc3 $1 14. bxc3 b6 {The c3-pawn is weak
and Black has absolutely no weaknesses. The rooks have nice squares to go to
on d8 and c8 and the c4-square beckons the knight. This is quite a horrible
position to defend against a player with such technique as Li Chao.} 15. Rac1
Rac8 16. Rfd1 Rc5 17. Qd3 Be6 {Keeping total control of the c4-square.} 18. Qd2
h6 $1 {A very nice move. Not only taking the g5-square under control but also
getting rid of any potential back rank problems.} 19. Ba6 Qg6 20. Qe2 Bg4 (
20... Bc4 21. Bxc4 Nxc4 {is not such a great idea as the white light-squared
bishop is not doing anything while the bishop on e6 can be used in the attack.}
) 21. Kh1 Qc6 {Threatening ...b5.} 22. Qd3 f5 $1 {A strong concrete move that
leads to a direct win.} (22... b5 23. Qd6 $1 {and Black doesn't lose the
a6-bishop.}) 23. exf5 b5 $1 24. f6 (24. Qd6 Bxf3 $1 {That's the crucial point.}
25. gxf3 Qxf3+ 26. Kg1 Rc6 27. Qd5+ Qxd5 28. Rxd5 Rxa6 $19) 24... Rxf6 25. Qd8+
Kh7 26. Qxa5 Bxf3 {A crushing victory for the Chinese player, who moved into
the lead with 3.0/3 along with Anish Giri.} 0-1